Distintos medios de atender las necesidades fundamentales de salud en los países en desarrollo
Guardat en:
| Autors principals: | , |
|---|---|
| Autor corporatiu: | , |
| Format: | Llibre |
| Idioma: | espanyol |
| Publicat: |
Ginebra
OMS
1976
|
| Matèries: | |
| Etiquetes: |
Afegir etiqueta
Sense etiquetes, Sigues el primer a etiquetar aquest registre!
|
MARC
| LEADER | 00000nam a2200000 a 4500 | ||
|---|---|---|---|
| 001 | UCQ2068 | ||
| 003 | CL-VaPUC | ||
| 008 | 980721e19760000SZ |||||||||||||||||spa|d | ||
| 082 | 0 | 4 | |a 351.841 |b DJU |2 21 |
| 100 | 0 | |a Djukanovic, V |e author |9 415945 | |
| 700 | 0 | |a Mach, E. P |e author |9 415946 | |
| 110 | 2 | |a UNICEF |e author |9 415947 | |
| 710 | 2 | |a OMS |e author |9 415948 | |
| 245 | 1 | 0 | |a Distintos medios de atender las necesidades fundamentales de salud en los países en desarrollo |
| 300 | |a 187 p | ||
| 942 | |c BK | ||
| 945 | |d 19980721 00:00:00 |a crobeson | ||
| 260 | |a Ginebra |b OMS |c 1976 | ||
| 650 | 7 | |a PROGRAMAS SOCIALES |2 CL-VaPUC |9 324718 | |
| 650 | 7 | |a PLANIFICACION SOCIAL |2 CL-VaPUC |9 348452 | |
| 650 | 0 | |a Política social |9 257588 | |
| 650 | 0 | |a Salud |9 258663 | |
| 650 | 0 | |a Salud pública |9 258913 | |
| 650 | 0 | |a Países en desarrollo |9 259663 | |
| 583 | |a last modification |c 19980721 00:00:00 |k Rodrigo Vera | ||
| 999 | |c 272910 |d 272908 | ||
| 952 | |0 0 |1 0 |4 0 |6 351_841000000000000_DJU_1976 |7 0 |8 A |9 308126 |a BIBENE |b BIBENE |d 2019-11-20 |i 1435655 |o 351.841 DJU 1976 |p 1435655 |r 2025-01-15 |w 2019-11-20 |y BK |k ICO | ||